000
00229 a2200097 4500
001
42557
100
_a
Trevelyan G.M
245
_a
Garibaldi and to making of Italy
260
_a
London
_b
Longmans Green
_c
090
_c
26467
_d
26467
942
_a
NUST-CAE
_c
M
_c
18299
999
_c
277630
_d
277630